LIBRARY ONLINE CATALOGUE

Evangelical dictionary of the world missions / (Record no. 15046)

MARC details
000 -LEADER
fixed length control field 00605nam a22001932 4500
001 - CONTROL NUMBER
control field 0000008598
005 - DATE AND TIME OF LATEST TRANSACTION
control field 20151217161138.0
008 - FIXED-LENGTH DATA ELEMENTS--GENERAL INFORMATION
fixed length control field 080430s xx 000 0 eng d
020 ## - INTERNATIONAL STANDARD BOOK NUMBER
International Standard Book Number 0801020743 :
Terms of availability KES 2500
040 ## - CATALOGING SOURCE
Original cataloging agency KABU
Transcribing agency KABU
245 10 - TITLE STATEMENT
Title Evangelical dictionary of the world missions /
Statement of responsibility, etc. general editor, A. Scott Moreau.
260 ## - PUBLICATION, DISTRIBUTION, ETC. (IMPRINT)
Place of publication, distribution, etc. Grand Rapids, MI :
Name of publisher, distributor, etc. Baker Books,
Date of publication, distribution, etc. 2000.
300 ## - PHYSICAL DESCRIPTION
Extent 1068 p.
650 #0 - SUBJECT ADDED ENTRY--TOPICAL TERM
Topical term or geographic name as entry element Missions
Form subdivision Dictionaries.
-- 0000159237
700 1# - ADDED ENTRY--PERSONAL NAME
Personal name Moreau, A. Scott.
-- 0000159238
908 ## - PUT COMMAND PARAMETER (RLIN)
Put command parameter 080430
950 ## - LOCAL HOLDINGS (RLIN)
-- 1
Holdings
Withdrawn status Lost status Source of classification or shelving scheme Not for loan Home library Current library Date acquired Total Checkouts Full call number Barcode Date last seen Price effective from Koha item type
    Library of Congress Classification Not For Loan Kabarak, Main Campus Kabarak, Main Campus 17/12/2015   BV2040 .E93 008809 17/12/2015 17/12/2015 Reference